<?xml version="1.0" encoding="UTF-8" ?>
<collection xmlns="http://www.loc.gov/MARC21/slim"><record><leader>01676nam a2200301 nc4500</leader><controlfield tag="001">48046</controlfield><controlfield tag="003">CH-000273-5</controlfield><controlfield tag="005">20180622080156.0</controlfield><datafield tag="035" ind1=" " ind2=" "><subfield code="a">(OCoLC)906902011</subfield></datafield><datafield tag="040" ind1=" " ind2=" "><subfield code="a">CH-000273-5</subfield><subfield code="b">ger</subfield><subfield code="e">rda</subfield></datafield><datafield tag="041" ind1=" " ind2=" "><subfield code="a">ger</subfield></datafield><datafield tag="110" ind1="2" ind2="0"><subfield code="a">Künstlerhaus Zürich</subfield><subfield code="e">Verfasser</subfield><subfield code="4">aut</subfield></datafield><datafield tag="245" ind1="0" ind2="0"><subfield code="a">Katalog der zu Gunsten des Baues eines provisorischen Kunstausstellungs-Gebäudes in Zürich von Künstlern dem Verein geschenken Originalarbeiten: Oelgemälden, Aquarelle, Zeichnungen, Radierungen &amp; Skulpturen</subfield><subfield code="b">Versteigerung im Zürich am 26. April 1895 im grossen Börsensaal</subfield><subfield code="c">Künstlerhaus Zürich, Verein für Bildende Kunst</subfield></datafield><datafield tag="246" ind1="3" ind2="4"><subfield code="a">Katalog der Kunstauktion 1895</subfield></datafield><datafield tag="264" ind1="0" ind2="1"><subfield code="a">[Zürich]</subfield><subfield code="b">[Künstlerhaus Zürich]</subfield><subfield code="c">[1895]</subfield></datafield><datafield tag="300" ind1=" " ind2=" "><subfield code="a">26 Seiten</subfield><subfield code="b">Illustrationen, schwarz-weiss</subfield><subfield code="c">23,5 cm</subfield><subfield code="e">Beilage, 2 Seiten, Nachtrag, 8 Seiten</subfield></datafield><datafield tag="336" ind1=" " ind2=" "><subfield code="a">Text</subfield><subfield code="b">txt</subfield><subfield code="2">rdacontent</subfield></datafield><datafield tag="336" ind1=" " ind2=" "><subfield code="a">unbewegtes Bild</subfield><subfield code="b">sti</subfield><subfield code="2">rdacontent</subfield></datafield><datafield tag="337" ind1=" " ind2=" "><subfield code="a">ohne Hilfsmittel zu benutzen</subfield><subfield code="b">n</subfield><subfield code="2">rdamedia</subfield></datafield><datafield tag="338" ind1=" " ind2=" "><subfield code="a">Band</subfield><subfield code="b">nc</subfield><subfield code="2">rdacarrier</subfield></datafield><datafield tag="501" ind1=" " ind2=" "><subfield code="a">Beilage: Autographen</subfield></datafield><datafield tag="610" ind1="2" ind2="7"><subfield code="a">Künstlerhaus Zürich</subfield><subfield code="x">Wohltätigkeitsveranstaltung</subfield><subfield code="2">gnd</subfield></datafield><datafield tag="651" ind1="0" ind2="7"><subfield code="a">Schweiz</subfield><subfield code="z">Deutschland</subfield><subfield code="x">Malerei</subfield><subfield code="y">Geschichte 1880-1895</subfield><subfield code="2">gnd</subfield></datafield><datafield tag="655" ind1="0" ind2="7"><subfield code="a">Auktionskatalog</subfield><subfield code="x">Gebäude der ersten Alten Börse (Zürich)</subfield><subfield code="y">26.04.1895</subfield><subfield code="z">Zürich</subfield><subfield code="2">gnd-content</subfield></datafield><datafield tag="773" ind1=" " ind2=" "><subfield code="a">Künstler-Gesellschaft Zürich</subfield><subfield code="t">Kataloge von Ausstellungen der Künstler-Gesellschaft Zürich 1868-1895</subfield><subfield code="w">(CH-000273-5)49751</subfield></datafield><datafield tag="852" ind1="4" ind2="0"><subfield code="a">CH-000273-5</subfield><subfield code="c">a3/Z 80:18950426</subfield></datafield><datafield tag="856" ind1="4" ind2="1"><subfield code="u">https://digital.kunsthaus.ch:443/viewer/image/49751/191/</subfield><subfield code="y">Kunsthaus Zürich Sammlungen online</subfield></datafield><datafield tag="856" ind1="4" ind2="1"><subfield code="u">https://digital.kunsthaus.ch:443/viewer/image/48046/1/</subfield><subfield code="y">Kunsthaus Zürich Sammlungen online</subfield></datafield></record></collection>